| 000 | 00769nam a2200253Ia 4500 | ||
|---|---|---|---|
| 003 | OSt | ||
| 005 | 20221006153727.0 | ||
| 006 | a|||||r|||| 00| 0 | ||
| 007 | ta | ||
| 008 | 221006b |||||||| |||| 00| 0 eng d | ||
| 020 | _a09215239 | ||
| 024 | _a33,157 | ||
| 037 |
_bgift, Japan Foundation _cBound Volumes |
||
| 040 |
_aEASL _cEASL _beng |
||
| 041 |
_2eng _aeng |
||
| 082 | _aW94v.42.P, P7 | ||
| 100 |
_aDOAK Kevin M. Au. _9665161 |
||
| 245 | 0 |
_aHistory of nationalism in Modern Japan _b Placing the People |
|
| 260 |
_aleiden _bBrill NV _c2007 |
||
| 300 |
_axii,292P. _ccm. |
||
| 490 |
_v JEL _aHandbook of oriental series |
||
| 942 |
_hW94v.42.P, P7 _cCR _2CC |
||
| 999 |
_c1101243 _d1101243 |
||